000 01344nam a22002897a 4500
005 20101206113148.0
008 101206t xxu||||| |||| 00| 0 hin d
010 _aHIN-93284
020 _c300.00
035 _aHN-65630
037 _bDBAD/PUB
040 _aDPL
_bHN
082 _a921
100 _924598
_aमिश्र, विनोद के.
245 _aआविष्कार की ललकः
_cविनोद के. मिश्र
_bएक आविष्कार, उद्यमी, साहित्य साधक एवं समाजसेवी की गौरव गाथा /
246 _aAavishkar ki lalak
_bby Vinod Kumar Mishra
260 _aदिल्ली
_bआलेख प्रकाशन
_c2010
270 _bदिल्ली
_aबी-8, नवीन शाहदरा
_e110032
300 _a175पृ.
_c22सेमी (सजिल्द)
_bसचित्र
500 _aसमान ISBN 8181871391 हिंदी भाषा तथा भाषाविज्ञान /?
650 _91169
650 _929580
700 _924599
700 _924924
942 _2ddc
_cHN
_mमिश्रवि
_h921
999 _c54077
_d54077